[Event "BCF-chT3 1011 (4NCL)"]
[Site "England"]
[Date "2010.11.06"]
[Round "1.34"]
[White "Smith, Graham M"]
[Black "Bogoda, Sagara T"]
[Result "1/2-1/2"]
[WhiteElo "2093"]
[BlackElo "1892"]
[PlyCount "58"]
[EventDate "2010.11.06"]
[EventType "team-swiss"]
[EventRounds "9"]
[EventCountry "ENG"]
[SourceTitle "CBM 139 Extra"]
[Source "ChessBase"]
[SourceDate "2011.01.05"]
[SourceVersion "1"]
[SourceVersionDate "2011.01.05"]
[SourceQuality "1"]
[WhiteTeam "FCA Solutions"]
[BlackTeam "SC Stars"]
[WhiteTeamCountry "ENG"]
[BlackTeamCountry "ENG"]

1. Nf3 Nf6 2. c4 g6 3. g3 Bg7 4. Bg2 c6 5. 0-0 d5 6. cxd5 cxd5 7. d4 0-0 8. Nc3 Nc6 9. Ne5 e6 10. Nxc6 bxc6 11. Bf4 Nh5 12. Be3 Rb8 13. Qd2 c5 14. Na4 cxd4 15. Bxd4 Bxd4 16. Qxd4 Qa5 17. b3 Bd7 18. Qc5 Qa6 19. Nc3 Rfc8 20. Qd4 Qa5 21. Rfc1 Ng7 22. e4 Rb7 23. Qe3 Rbc7 24. Ne2 Rxc1+ 25. Rxc1 Rxc1+ 26. Nxc1 Bc6 27. exd5 Bxd5 28. Bxd5 exd5 29. Kg2 Ne6 1/2-1/2

[Event "BCF-chT3 0910 (4NCL)"]
[Site "England"]
[Date "2010.03.28"]
[Round "8.2"]
[White "Jeffries, Majid"]
[Black "Bogoda, Sagara T"]
[Result "1-0"]
[WhiteElo "1995"]
[BlackElo "1874"]
[PlyCount "155"]
[EventDate "2009.10.24"]
[EventType "team-tourn"]
[EventRounds "11"]
[EventCountry "ENG"]
[SourceTitle "EXT 2011"]
[Source "ChessBase"]
[SourceDate "2010.11.26"]
[SourceVersion "1"]
[SourceVersionDate "2010.11.26"]
[SourceQuality "1"]
[WhiteTeam "AMCA Hippos"]
[BlackTeam "Southern Counties Stars"]
[WhiteTeamCountry "ENG"]
[BlackTeamCountry "ENG"]

1. Nf3 d5 2. b3 Nf6 3. Bb2 c5 4. e3 Nc6 5. Bb5 Bd7 6. 0-0 e6 7. Bxc6 Bxc6 8. Ne5 Bd6 9. f4 Qc7 10. d3 Nd7 11. Nxc6 Qxc6 12. Bxg7 Rg8 13. Bb2 e5 14. Qf3 0-0-0 15. Nd2 f6 16. e4 exf4 17. exd5 Qb6 18. Nc4 Qc7 19. Qh3 Kb8 20. Rae1 b5 21. Nxd6 Qxd6 22. Qe6 Nb6 23. c4 Ka8 24. Bxf6 f3 25. Rxf3 Rge8 26. Qxe8 Rxe8 27. Rxe8+ Kb7 28. Re6 Qf8 29. Re7+ Ka6 30. Rxh7 Qd6 31. Rf1 Nd7 32. Rh6 Kb7 33. Rh7 Ka6 34. cxb5+ Kxb5 35. Bc3 Qxd5 36. a4+ Kc6 37. Rh6+ Kc7 38. Ba5+ Kb7 39. Rf3 Qxb3 40. Rh4 Qd1+ 41. Rf1 Qxd3 42. Rhf4 c4 43. R4f3 Qd4+ 44. Kh1 Ne5 45. Bc3 Qd6 46. Rf6 Qc7 47. R1f5 Nd7 48. Rb5+ Nb6 49. a5 Qd7 50. Rbf5 Qd1+ 51. Rf1 Qb3 52. Rf7+ Kc6 53. axb6 Qxc3 54. bxa7 Qa3 55. Rf8 Qxa7 56. Rc8+ Kd5 57. Rd1+ Ke6 58. Rxc4 Qb7 59. Rf4 Qh7 60. Re1+ Kd5 61. h4 Kd6 62. Kh2 Kd5 63. Ref1 Ke5 64. Kh3 Qd3+ 65. R4f3 Qd7+ 66. g4 Ke4 67. h5 Qd2 68. Rf4+ Ke5 69. Rf5+ Ke6 70. R1f2 Qe3+ 71. Kh4 Qe1 72. Kg5 Qe3+ 73. Kg6 Ke7 74. Rf7+ Ke8 75. Rf8+ Ke7 76. R2f7+ Kd6 77. g5 Qe4+ 78. Kg7 1-0

[Event "BCF-chT3 0910 (4NCL)"]
[Site "England"]
[Date "2010.01.16"]
[Round "3.1"]
[White "Bogoda, Sagara T"]
[Black "Tart, Peter K"]
[Result "0-1"]
[WhiteElo "1874"]
[BlackElo "2078"]
[PlyCount "54"]
[EventDate "2009.10.24"]
[EventType "team-tourn"]
[EventRounds "11"]
[EventCountry "ENG"]
[SourceTitle "EXT 2011"]
[Source "ChessBase"]
[SourceDate "2010.11.26"]
[SourceVersion "1"]
[SourceVersionDate "2010.11.26"]
[SourceQuality "1"]
[WhiteTeam "Southern Counties Stars"]
[BlackTeam "AMCA Rhinos"]
[WhiteTeamCountry "ENG"]
[BlackTeamCountry "ENG"]

1. d4 e6 2. c4 b6 3. Nc3 Bb7 4. e3 Nf6 5. Nf3 Be7 6. Be2 0-0 7. 0-0 c5 8. b3 cxd4 9. Nxd4 d5 10. Bb2 Nc6 11. Qd2 dxc4 12. Bxc4 Ne5 13. Be2 Bb4 14. a3 Ne4 15. Qe1 Bxc3 16. Bxc3 Nxc3 17. Qxc3 Rc8 18. Qb2 Qg5 19. g3 Qh6 20. f4 Qh3 21. Bf3 Nxf3+ 22. Nxf3 Qf5 23. Nd4 Qe4 24. Nf3 Rc2 25. Qd4 Qxd4 26. Nxd4 Rg2+ 27. Kh1 Rxg3+ 0-1

[Event "BCF-chT3 0809 (4NCL)"]
[Site "Hinckley Island"]
[Date "2009.02.07"]
[Round "5.3"]
[White "Bayliss, Lyall CP"]
[Black "Bogoda, Sagara T"]
[Result "0-1"]
[WhiteElo "1971"]
[BlackElo "1870"]
[PlyCount "119"]
[EventDate "2008.10.18"]
[EventType "team-swiss"]
[EventRounds "11"]
[EventCountry "ENG"]
[SourceTitle "EXT 2010"]
[Source "ChessBase"]
[SourceDate "2010.11.25"]
[SourceVersion "1"]
[SourceVersionDate "2010.11.25"]
[SourceQuality "1"]
[WhiteTeam "KJCA Kings"]
[BlackTeam "Slough Sharks"]
[WhiteTeamCountry "ENG"]
[BlackTeamCountry "ENG"]

1. e4 e6 2. d4 d5 3. e5 c5 4. c3 Qb6 5. Nf3 Nc6 6. Be2 Bd7 7. 0-0 cxd4 8. cxd4 Nge7 9. Nc3 Nf5 10. Na4 Qc7 11. g4 Nfe7 12. Bd2 Ng6 13. Rc1 Qd8 14. a3 Be7 15. b4 a6 16. Nc5 Bxc5 17. Rxc5 0-0 18. Qc2 f6 19. exf6 Qxf6 20. Bg5 Qf7 21. Qd2 Nf4 22. Bd1 h6 23. Rxc6 Bxc6 24. Ne5 Nh3+ 25. Kg2 Qc7 26. Kxh3 hxg5 27. Qxg5 Be8 28. Qe3 Rc8 29. Be2 Qc2 30. Bd3 Rc3 31. Kg2 Qb3 32. Qh3 g6 33. g5 Rf5 34. Bxf5 Rxh3 35. Bxe6+ Bf7 36. Bxh3 Qxa3 37. Rb1 Qc3 38. Nf3 Qc2 39. Re1 Qb2 40. Re7 Qxb4 41. Rc7 Qb6 42. Rd7 Be6 43. Bxe6+ Qxe6 44. Ne5 b5 45. Rb7 Qd6 46. h4 b4 47. f4 a5 48. f5 gxf5 49. h5 Qd8 50. Nf7 Qe8 51. g6 Qe2+ 52. Kg3 Qg4+ 53. Kf2 Qxd4+ 54. Kf3 Qg4+ 55. Ke3 d4+ 56. Kf2 Qf4+ 57. Kg1 Qg3+ 58. Kh1 Qf3+ 59. Kg1 Qxb7 60. h6 0-1

[Event "BCF-chT3 0809 (4NCL)"]
[Site "Hinckley Island"]
[Date "2008.12.07"]
[Round "4.4"]
[White "Bogoda, Sagara T"]
[Black "Larter, Nick J"]
[Result "0-1"]
[WhiteElo "1870"]
[BlackElo "1819"]
[PlyCount "112"]
[EventDate "2008.10.18"]
[EventType "team-swiss"]
[EventRounds "11"]
[EventCountry "ENG"]
[SourceTitle "EXT 2010"]
[Source "ChessBase"]
[SourceDate "2010.11.25"]
[SourceVersion "1"]
[SourceVersionDate "2010.11.25"]
[SourceQuality "1"]
[WhiteTeam "Slough Sharks"]
[BlackTeam "Celtic Tigers II"]
[WhiteTeamCountry "ENG"]
[BlackTeamCountry "ENG"]

1. d4 e6 2. c4 b6 3. Nc3 Bb7 4. e4 Bb4 5. Qc2 Qh4 6. Bd3 f5 7. d5 fxe4 8. Bxe4 Nf6 9. Bf3 exd5 10. Qe2+ Kf7 11. Be3 Ne4 12. Qd3 Re8 13. 0-0-0 Bxc3 14. bxc3 Na6 15. cxd5 Nac5 16. Bxc5 Nxc5 17. Qf5+ Kg8 18. d6 Be4 19. Bxe4 Qxe4 20. Qh3 cxd6 21. Qf3 Qa4 22. Qd5+ Kh8 23. Nh3 Rac8 24. Ng5 Ne6 25. Nxe6 dxe6 26. Qd2 Qa3+ 27. Kb1 d5 28. Rc1 b5 29. Qb2 Qxb2+ 30. Kxb2 Rc6 31. Rcd1 Rec8 32. Rc1 Kg8 33. f4 g6 34. a3 Kf7 35. Rhe1 Rc4 36. g3 R8c6 37. Red1 Re4 38. Rc2 Kf6 39. Rf2 Kf5 40. Rdd2 Re3 41. Rc2 Ra6 42. Rcd2 Rc6 43. Rc2 Re4 44. Rfd2 a5 45. Kb3 h5 46. Re2 Rxe2 47. Rxe2 Kg4 48. Re5 Kf3 49. Rg5 Ke3 50. Rxg6 Kd3 51. g4 hxg4 52. Rxg4 Rxc3+ 53. Kb2 Rc2+ 54. Kb3 Rxh2 55. Rg6 Re2 56. Rg5 Ke4 0-1

[Event "BCF-chT3 0809 (4NCL)"]
[Site "Hinckley Island"]
[Date "2008.12.06"]
[Round "3.4"]
[White "Holland, James P"]
[Black "Bogoda, Sagara T"]
[Result "1/2-1/2"]
[WhiteElo "1920"]
[BlackElo "1870"]
[PlyCount "59"]
[EventDate "2008.10.18"]
[EventType "team-swiss"]
[EventRounds "11"]
[EventCountry "ENG"]
[SourceTitle "EXT 2010"]
[Source "ChessBase"]
[SourceDate "2010.11.25"]
[SourceVersion "1"]
[SourceVersionDate "2010.11.25"]
[SourceQuality "1"]
[WhiteTeam "Conquistadors"]
[BlackTeam "Slough Sharks"]
[WhiteTeamCountry "ENG"]
[BlackTeamCountry "ENG"]

1. Nf3 Nf6 2. b3 g6 3. Bb2 Bg7 4. e3 0-0 5. d4 d5 6. Nbd2 c6 7. Bd3 Nbd7 8. c4 b6 9. 0-0 Ba6 10. e4 dxe4 11. Nxe4 Nxe4 12. Bxe4 Rc8 13. Qe2 Nf6 14. Bd3 Nh5 15. g3 e6 16. Rfd1 Re8 17. Ne5 Nf6 18. f4 Nd7 19. Rac1 Nxe5 20. dxe5 Qe7 21. Be4 c5 22. Rd6 Red8 23. Rcd1 Rxd6 24. Rxd6 Bb7 25. Bxb7 Qxb7 26. Qd3 Bf8 27. Rd7 Rc7 28. Rd8 Kg7 29. f5 gxf5 30. Rxf8 1/2-1/2

[Event "BCF-chT3 0809 (4NCL)"]
[Site "Hinckley Island"]
[Date "2008.10.19"]
[Round "2.5"]
[White "Bogoda, Sagara T"]
[Black "Myers, Richard Stephen"]
[Result "1-0"]
[WhiteElo "1870"]
[BlackElo "1840"]
[PlyCount "35"]
[EventDate "2008.10.18"]
[EventType "team-swiss"]
[EventRounds "11"]
[EventCountry "ENG"]
[SourceTitle "EXT 2010"]
[Source "ChessBase"]
[SourceDate "2010.11.25"]
[SourceVersion "1"]
[SourceVersionDate "2010.11.25"]
[SourceQuality "1"]
[WhiteTeam "Slough Sharks"]
[BlackTeam "Nottinghamshire II"]
[WhiteTeamCountry "ENG"]
[BlackTeamCountry "ENG"]

1. d4 d5 2. c4 e5 3. dxe5 d4 4. Nf3 Nc6 5. g3 Be6 6. Bg2 Bxc4 7. 0-0 Qd7 8. Nbd2 Be6 9. Nb3 0-0-0 10. Bf4 Bh3 11. e6 Bxe6 12. Rc1 d3 13. Ne5 dxe2 14. Qxe2 Nxe5 15. Bxe5 c6 16. Bxc6 bxc6 17. Qa6+ Qb7 18. Rxc6+ 1-0